DEFIORE'S ATLAS OF HISTOLOGY : WITH FUNCTIONAL CORRELATION (Record no. 8402)

MARC details
000 -LEADER
fixed length control field 00467nam a22001697a 4500
005 - DATE AND TIME OF LATEST TRANSACTION
control field 20230821115617.0
008 - FIXED-LENGTH DATA ELEMENTS--GENERAL INFORMATION
fixed length control field 230818b |||||||| |||| 00| 0 eng d
020 ## - INTERNATIONAL STANDARD BOOK NUMBER
ISBN 978-93-89859-57-7
041 ## - LANGUAGE CODE
Language code of text/sound track or separate title eng
082 ## - DEWEY DECIMAL CLASSIFICATION NUMBER
Classification number 611.018 KAL-D
100 ## - MAIN ENTRY--AUTHOR NAME
Personal name KALTHUR, SNEHA AND LC, PRASANNA
245 ## - TITLE STATEMENT
Title DEFIORE'S ATLAS OF HISTOLOGY : WITH FUNCTIONAL CORRELATION
260 ## - PUBLICATION, DISTRIBUTION, ETC. (IMPRINT)
Place of publication PHILADELPHIA
Name of publisher WOLTERS KLUWER
Year of publication 2022
300 ## - PHYSICAL DESCRIPTION
Number of Pages 712;p
650 ## - SUBJECT ADDED ENTRY--TOPICAL TERM
Topical Term BPT
942 ## - ADDED ENTRY ELEMENTS (KOHA)
Koha item type Books
Holdings
Lost status Damaged status Collection code Home library Current library Shelving location Date acquired Source of acquisition Cost, normal purchase price Full call number Accession Number Koha item type
    Reference JRU Library JRU Library SHELF- 8 - C 05/08/2023 PURCHASE [LBI] 1399.00 611.018 KAL-D 27938 Books
    PHYSIOTHERAPY JRU Library JRU Library SHELF-20-J 05/08/2023 PURCHASE [LBI] 1399.00 611.018 KAL-D 27939 Books
    PHYSIOTHERAPY JRU Library JRU Library SHELF-20-J 05/08/2023 PURCHASE [LBI] 1399.00 611.018 KAL-D 27940 Books